La peste

Saved in:
Bibliographic Details
Main Author: Camus, Albert
Format: Book
Language:Undetermined
Published: Londres, Inglaterra Methuen Educational 1969
Edition:2
Subjects:
Tags: Add Tag
No Tags, Be the first to tag this record!

MARC

LEADER 00000nam a2200000Ia 4500
008 170316s9999 xx 000 0 und d
040 |a cru BVZT 
090 |a 840 C-2p 
100 |a Camus, Albert 
245 |a La peste 
250 |a 2 
260 |a Londres, Inglaterra 
260 |b Methuen Educational 
260 |c 1969 
300 |a 338 páginas 
650 |a LITERATURA FRANCESA 
999 |c 7593  |d 7593 
942 |c 15 D  |h 840 C-2p  |2 z